000 00518nam a22002057a 4500
003 koha_MIRAKIL
005 20231213100020.0
008 231213b |||||||| |||| 00| 0 ||| d
020 _b978-9-75403629-9
040 _aTR-IsEVY
_btur
_cTR-IsEVY
082 _a503 FIR/M
100 _aFirth, Rachel.
245 0 _aMinik ansiklopedi
_bbilim
250 _a3. bs.
260 _bTÜBİTAK,
_c2014
300 _a64 s.
650 _aBilim -- Ansiklopediler.
650 _aScience -- Encyclopedias.
942 _2ddc
_cBK
999 _c13132
_d13132